Cities in New York Quiz - Statistics

General Stats
  • This quiz has been taken 48 times
  • The average score is 25 of 62
Answer Stats
Population County/Counties City % Correct
8,804,190 Bronx, Kings, New York, Queens, Richmond New York
97%
278,349 Erie Buffalo
94%
99,224 Albany Albany
89%
211,328 Monroe Rochester
86%
48,671 Niagara Niagara Falls
83%
148,620 Onondaga Syracuse
83%
67,047 Schenectady Schenectady
78%
65,283 Oneida Utica
78%
211,569 Westchester Yonkers
78%
47,969 Broome Binghamton
69%
32,108 Tompkins Ithaca
64%
79,726 Westchester New Rochelle
64%
51,401 Rensselaer Troy
64%
31,577 Dutchess Poughkeepsie
61%
28,491 Saratoga Saratoga Springs
61%
59,559 Westchester White Plains
61%
73,893 Westchester Mount Vernon
58%
26,523 Chemung Elmira
56%
16,921 Oswego Oswego
56%
28,712 Chautauqua Jamestown
53%
24,685 Jefferson Watertown
53%
32,127 Oneida Rome
50%
24,069 Ulster Kingston
47%
10,329 Madison Oneida
47%
19,841 Clinton Plattsburgh
44%
15,129 Erie Tonawanda
42%
30,496 Niagara North Tonawanda
39%
11,389 Oswego Fulton
36%
28,856 Orange Newburgh
36%
17,556 Cortland Cortland
33%
14,830 Warren Glens Falls
33%
5,894 Columbia Hudson
33%
20,876 Niagara Lockport
33%
30,345 Orange Middletown
33%
9,210 Rensselaer Rensselaer
33%
16,592 Westchester Rye
33%
26,866 Cayuga Auburn
28%
12,743 Chautauqua Dunkirk
28%
13,937 Cattaraugus Olean
28%
15,600 Genesee Batavia
25%
10,551 Steuben Corning
25%
25,431 Westchester Peekskill
25%
18,219 Montgomery Amsterdam
22%
12,812 Ontario, Seneca Geneva
22%
13,079 Otsego Oneonta
22%
28,365 Nassau Glen Cove
19%
19,949 Erie Lackawanna
19%
35,029 Nassau Long Beach
19%
13,769 Dutchess Beacon
17%
10,576 Ontario Canandaigua
17%
15,131 Fulton Gloversville
17%
7,051 Chenango Norwich
17%
18,147 Albany Cohoes
14%
8,775 Orange Port Jervis
14%
8,204 Fulton Johnstown
11%
4,605 Herkimer Little Falls
11%
5,929 Cattaraugus Salamanca
11%
10,375 Albany Watervliet
11%
8,263 Steuben Hornell
8%
5,163 Saratoga Mechanicville
8%
10,064 St. Lawrence Ogdensburg
8%
3,077 Oneida Sherrill
8%
No matching quizzes found
Score Distribution
Percent of People with Each Score
Percentile by Number Answered
Your Score History
You have not taken this quiz